Načítá se...
The finance and analysis of capital projects /
| Hlavní autor: | |
|---|---|
| Další autoři: | |
| Médium: | Printed Book |
| Jazyk: | English |
| Vydáno: |
Bombay :
Longman,
1973.
|
| LEADER | 00542nam a22001577a 4500 | ||
|---|---|---|---|
| 008 | 160715b xxu||||| |||| 00| 0 eng d | ||
| 999 | |c 157253 |d 157253 | ||
| 020 | |a . | ||
| 082 | |a 658.154 | ||
| 100 | |a Merrett, A. J. | ||
| 245 | |a The finance and analysis of capital projects / |c A. J. Merrett and Sykes, Allen | ||
| 260 | |b Longman, |c 1973. |a Bombay : | ||
| 300 | |a 573 p. | ||
| 700 | |a Sykes, Allen | ||
| 942 | |c BK | ||
| 952 | |0 0 |1 0 |4 0 |6 658_154000000000000_MER_F |7 0 |9 170271 |a CMS |b CMS |c ST1 |d 2016-07-15 |i 2765 |l 0 |o 658.154 MER/F |p CMS2765 |r 2016-07-15 |w 2016-07-15 |y BK | ||